| 000 | 01273nam a22002777a 4500 | ||
|---|---|---|---|
| 003 | 0 | ||
| 005 | 20251111091306.0 | ||
| 008 | 251111b xxu||||| |||| 00| 0 eng d | ||
| 020 | _a978-0-241-47565-2 | ||
| 050 |
_aPE 1128.C673 _b.G74 2021 |
||
| 100 |
_aCorall, R. J., _eauthor. |
||
| 245 |
_aGreat inventions / _cwritten by R. J. Corall ; activities written by Catrin Morris ; illustrated by David Hurtado. |
||
| 246 | _aLadybird readers. Level 6 | ||
| 260 |
_aLondon : _bLadybird Books, Penguin Random House UK, _c2021. |
||
| 300 |
_a63 pages : _bcolor illustrations ; _c23 cm. |
||
| 490 |
_aLadybird readers ; _vlevel 6 |
||
| 500 | _aIncludes Cambridge English test practice. Contains glossary and comprehension activities. | ||
| 520 | _aIntroduces major inventions and innovations throughout history and explains how they have influenced daily life. Written for English learners at Level 6 proficiency and includes comprehension exercises and test practice. | ||
| 650 | _aReaders (Elementary). | ||
| 650 |
_aEnglish language _xStudy and teaching _vReaders. |
||
| 650 |
_aInventions _vJuvenile literature. |
||
| 700 |
_aMorris, Catrin, _econtributor. |
||
| 700 |
_aHurtado, David, _eillustrator. |
||
| 830 |
_aLadybird readers ; _slevel 6. |
||
| 942 |
_2lcc _cBK |
||
| 999 |
_c368554 _d368554 |
||